| 000 | 00488nam a2200205Ia 4500 | ||
|---|---|---|---|
| 008 | 170918s9999 xx 000 0 und d | ||
| 020 | _a9780531122563 | ||
| 050 | _bK124 2003 | ||
| 100 | _aKahn, Ada P. | ||
| 245 | _aPhobias / | ||
| 245 | _cAda P. Kahn and Ronald M. Doctor. | ||
| 260 | _aNew York : | ||
| 260 | _bScholastic, | ||
| 260 | _c2003 | ||
| 300 | _a79 pages : | ||
| 300 | _bcolored illustration ; | ||
| 300 | _c21cm. | ||
| 440 | _aFranklin Watts. | ||
| 500 | _a1040 | ||
| 999 |
_c342390 _d342390 |
||